Statistiken für Fußball WM Teilnehmer? #8

Klicken Sie hier um das Quiz zu spielen!

Allgemein

  • Dieses Quiz wurde 131 mal gespielt
  • Das Durchschnittsergebnis liegt bei 13 aus 15

Antwortstatistiken

HintAntwort% Korrekt
PolenJa
98%
AustralienJa
93%
Papua-NeuguineaNein
93%
LiechtensteinNein
93%
LaosNein
93%
GuyanaNein
92%
MoldauNein
92%
AlgerienJa
91%
SambiaNein
90%
MosambikNein
89%
KatarJa
88%
GambiaNein
86%
LibanonNein
86%
NigerNein
79%
GeorgienNein
76%

Verteilung der Resultate

Perzentil nach korrekt beantworteten Fragen

Anzahl Personen mit jedem Resultat

Ihre Resultats-Entwicklung

Sie haben dieses Quiz noch nicht gespielt